书目信息 |
| 题名: |
常见肾脏病防治300问
|
|
| 作者: | 聂莉芳 编著 | |
| 分册: | ||
| 出版信息: | 北京 金盾出版社 1991.12 |
|
| 页数: | 222页 | |
| 开本: | 19cm | |
| 丛书名: | ||
| 单 册: | ||
| 中图分类: | R692.01 , R692-49 | |
| 科图分类: | ||
| 主题词: | 肾疾病--防治 , 泌尿科学 , 泌尿系统疾病 | |
| 电子资源: | ||
| ISBN: | 7-80022-402-3 | |
| 000 | 00937nam0 2200301 45 | |
| 001 | 0192008829 | |
| 005 | 20040521153607.0 | |
| 010 | @a7-80022-402-3@dCNY3.00 | |
| 020 | @aCN@b92008829 | |
| 092 | @a科技261-157 | |
| 100 | @a19920814d1991 em y0chiy0121 ea | |
| 101 | 0 | @achi |
| 102 | @aCN@b110000 | |
| 105 | @ay z 000yy | |
| 106 | @ar | |
| 200 | 10 | @a常见肾脏病防治300问@Achang jian shen zang bing fang zhi 300 wen@f聂莉芳等编著@Fnie li fang deng bian zhu |
| 210 | @a北京@c金盾出版社@d1991.12 | |
| 215 | @a222页@d19cm | |
| 330 | @a本书以问答形式介绍了急慢性肾炎、肾病综合征、慢性肾功能衰竭及尿路感染等常见肾脏病的病因病状、诊断治疗、预防康复等基本知识。 | |
| 540 | 1 | @a肾病@Ashen bing |
| 606 | @a肾疾病@x防治 | |
| 606 | 0 | @a泌尿科学 |
| 606 | 0 | @a泌尿系统疾病 |
| 690 | @aR692.01@v3 | |
| 690 | @aR692-49 | |
| 701 | 0 | @a聂莉芳@Anie li fang@4编著 |
| 801 | 0 | @aCN@bNLC@c19920814 |
| 905 | @f4@b247928-931@dR692-49@e20 | |
| 常见肾脏病防治300问/聂莉芳等编著.-北京:金盾出版社,1991.12 |
| 222页;19cm |
| ISBN 7-80022-402-3:CNY3.00 |
| 本书以问答形式介绍了急慢性肾炎、肾病综合征、慢性肾功能衰竭及尿路感染等常见肾脏病的病因病状、诊断治疗、预防康复等基本知识。 |
| ● |
| 相关链接 |
|
|
|
|
正题名:常见肾脏病防治300问
索取号:R692-49/20
 
预约/预借
| 序号 | 登录号 | 条形码 | 馆藏地/架位号 | 状态 | 备注 |
| 1 | 0247928 | 000715211 | 第三借阅区/ [索取号:R692-49/20] | 在馆 | |
| 2 | 0247929 | 000715239 | 第三借阅区/ [索取号:R692-49/20] | 在馆 | |
| 3 | 0247930 | 000715220 | 第三借阅区/ [索取号:R692-49/20] | 在馆 | |
| 4 | 0247931 | 000715248 | 第三借阅区/ [索取号:R692-49/20] | 在馆 | |
| 5 | 0247932 | 000716130 | 第二样本阅览室/ [索取号:R692-49/20] | 在馆 |